| 000 | 00537nam a22001937a 4500 | ||
|---|---|---|---|
| 003 | SISC | ||
| 005 | 20160406133940.0 | ||
| 008 | 130822t xxu||||| |||| 00| 0 eng d | ||
| 020 | _a0070577153 | ||
| 050 |
_aHB 172.5 _b.Sch3425 1997 |
||
| 082 |
_aHS 339 _b Sch3 1997 |
||
| 100 |
_aSchiller, Bradley R. _911915 |
||
| 245 |
_aThe macro economy today / _cBradley R. Schiller |
||
| 260 |
_aU.S.A. : _bMcGraw-Hill, _cc1997 |
||
| 300 |
_a530 p. : _bcol. ill. ; _c25 cm. |
||
| 650 |
_aMacroeconomics _910409 |
||
| 942 |
_2lcc _cBK |
||
| 999 |
_c8943 _d8943 |
||